| 000 | 01797nam a22002417a 4500 | ||
|---|---|---|---|
| 005 | 20220709093854.0 | ||
| 008 | 220709b ||||| |||| 00| 0 eng d | ||
| 020 | _a0004140478 | ||
| 040 | _cAloy | ||
| 082 |
_223 _a328.4 _bASLI |
||
| 100 |
_aClive Aslet _947857 |
||
| 100 |
_dDerry Moore _947858 |
||
| 245 | _aInside the house of lords | ||
| 260 |
_aLondon: _bHarper Collins Publishers, _c1998 |
||
| 300 |
_a192p. _bHB _c29x26cm. |
||
| 365 | _2Political Science | ||
| 520 | _aDerry Moore’s exclusive colour photographs and Clive Aslet’s authoritative text provide a sumptuous architectural and historical appreciation of the Upper House. INTRODUCTION A perspective from different peers, for example, Lord Hurd, Lord Patten, Lady Marr, Lord Ferrers, etc. THE BUILDING AND ITS TRADITIONS This describes the architecture in detail; how Barry and Pugin arrived at the final designs. Also, the traditions and procedures of the Upper House – for example, the Lord Chancellor’s Procession, the Woolsack. ITS HISTORY The history as the Victorians saw it. Every square inch of the Palace of Westminster symbolises the Victorians’ sense of their past, surviving as part of a continuous tradition of democracy. This chapter would examine the key points that the Victorians sought to emphasise, in the light of modern historical knowledge. KEY EVENTS The key events that shaped the House of Lords up to the present day – the Great Reform Act, the 1911 debacle with Lloyd-George, WHAT THE LORDS DO TODAY An analysis of the function of the chamber. Discussion of the alternatives, with reform in mind. | ||
| 650 |
_aPolitical Science _947859 |
||
| 650 |
_aGreat Britain Parliament _947860 |
||
| 700 |
_aASLET (Clive) _947861 |
||
| 700 |
_aMOORE (Derry) _947862 |
||
| 942 |
_2ddc _cGF |
||
| 999 |
_c223667 _d223667 |
||